[Event "Penang op-B 14th"]
[Site "Penang"]
[Date "2022.12.22"]
[Round "6"]
[White "Teh, Yi Lynn"]
[Black "Saerang, Veyron Fraser"]
[Result "1-0"]
[WhiteElo "1391"]
[BlackElo "1212"]
[PlyCount "49"]
[EventDate "2022.12.19"]
[EventType "swiss"]
[EventRounds "9"]
[EventCountry "MAS"]
[SourceTitle "EXT 2024"]
[Source "ChessBase"]
[SourceDate "2023.10.10"]
[SourceVersion "1"]
[SourceVersionDate "2023.10.10"]
[SourceQuality "1"]

1. d4 d5 2. c4 Nc6 3. Nc3 Nf6 4. cxd5 Nxd5 5. Nf3 Bg4 6. e4 Nxc3 7. bxc3 e5 8. Rb1 Bxf3 9. gxf3 exd4 10. Rxb7 dxc3 11. Qa4 Qd6 12. Bb5 0-0-0 13. Bxc6 a6 14. 0-0 Qg6+ 15. Kh1 Rd6 16. Qxa6 Rxc6 17. Rb6+ Kd7 18. Rd1+ Rd6 19. Qa4+ Ke6 20. Qc4+ Kd7 21. Qc6+ Ke6 22. Rxd6+ cxd6 23. Qd5+ Kd7 24. Rb7+ Kd8 25. Qa5+ 1-0